00899cam a2200265 a 450000100090000000300040000900500170001300800410003001000170007102000180008802000150010604000130012105000200013408200170015410000420017124501380021325000120035126000490036330000370041249000520044950400660050165000290056770000180059670000190061416707166OSt20220922122947.0110325s2010 njua b 001 0 eng  a 2011288031 a9780136042594 a0136042597 aDLCcDLC00aQ335b.R86 2010 a006.3bRUS/A1 aRussell, Stuart J.q(Stuart Jonathan)10aArtificial intelligence :ba modern approach /cStuart J. Russell and Peter Norvig ; contributing writers, Ernest Davis ... [et al.]. a3rd ed. aUpper Saddle River :bPrentice Hall,cc2010. axviii, 1132 p. :bill. ;c26 cm.0 aPrentice Hall series in artificial intelligence aIncludes bibliographical references (p. 1063-1093) and index. 0aArtificial intelligence.1 aNorvig, Peter1 aDavis, Ernest.